00338nam a2200133Ia 4500003000400000005001700004008004100021040001800062041000800080100004000088110001800128245003800146260002000184OSt20230602104942.0211028s2012 xx 000 0 und d cAIMIT LIBRARY aeng aRahul, P K; Nausheeda, b S.e101927 aNausheeda B S aMeasuring instrument calibration. aMangalorec2012